Normal view
MARC view
Entry Meeting Name
001 - CONTROL NUMBER
- control field: 585323
003 - CONTROL NUMBER IDENTIFIER
- control field: OSt
005 - DATE AND TIME OF LATEST TRANSACTION
- control field: 20221005032559.0
008 - FIXED-LENGTH DATA ELEMENTS
- fixed length control field: 221005|| aca||aabn | a|a d
040 ## - CATALOGING SOURCE
- Original cataloging agency: OSt
- Transcribing agency: OSt
111 ## - HEADING--MEETING NAME
- Meeting name or jurisdiction name as entry element: National Nutrition Committee (Geneva)
670 ## - SOURCE DATA FOUND
- Source citation: Work cat.: (OSt)940017: National Nutrition Committee (Geneva), Survey of national nutrition policies , 1938
